Vernostný program podniku a jeho vplyv na nákupné rozhodnutie zákazníka diplomová práca

Saved in:
Bibliographic Details
Main Author: Diliancz, Alexander
Corporate Author: Obchodná fakulta EU. Katedra marketingu
Other Authors: Kita, Pavol
Format: Book
Language:Slovak
Published: Bratislava 2012
Tags: Add Tag
No Tags, Be the first to tag this record!

MARC

LEADER 00000nbm a2200000 4500
001 0158950
005 20161109102219.7
041 0 |a slo 
044 |a SK 
245 1 0 |a Vernostný program podniku a jeho vplyv na nákupné rozhodnutie zákazníka  |b diplomová práca  |c Alexander Diliancz ; školiteľ: Pavol Kita 
264 1 |a Bratislava  |c 2012 
300 |a 69 s. 
100 1 |a Diliancz, Alexander 
700 1 |a Kita, Pavol 
710 2 |a Obchodná fakulta EU. Katedra marketingu